000
00318nam a22001337a 4500
008
170619b xxu||||| |||| 00| 0 eng d
020
_a
9781558151284
041
_a
eng
080
_a
32
100
_a
20
101
_a
SHP
245
_a
PRIVATIZATION OF PUBLIC ENTERPRISES IN LATIN AMERICA
_c
GLADE,W
942
_2
udc
_c
BK
999
_c
17996
_d
17996